000 00354pab a2200157 454500
008 180718b1998 xxu||||| |||| 00| 0 eng d
100 _aArora, Mini
245 _aBudget: a politico-economic view
260 _c1998
300 _ap.22-24
362 _aJul
650 _aBudget
700 _aSharan, A.K.
773 _aPolitics India
909 _a37917
999 _c37917
_d37917